• 首页
  • 本馆介绍
  • 公告通知
  • 最新文献
  • 馆藏检索
  • 电子资源
  • 读者导购
  • 参考咨询
  • 我的图书馆
  • 登录
  • 详细信息显示
  • 放入我的书架
  • 预约/预借图书
  • 作者相关作品
  • 分类相关作品
  • 丛书相关作品
  • 出版社相关作品

书目信息

  • 表格格式
  • 工作单格式
  • 卡片格式
书名: The fatal impact
作者:
分册号:
分册名:
出版地: Honolulu·Hawaii :
 
出版社: THE HARPER AND ROWE
出版时间: 1966.
页数: 230 p. :
开本: 20020930
丛书名:
中图分类号:
科图分类号:
其他分类号: K611.41
主题词:
电子资源:
000 00590nam 2200193 a 4500
001 E0758451600
005 20070521162321.53
008 uu
040    @aNLC
049    @aN5LA
090    @a2/K611.41/MA////////942005
090    @aK611.41
096    @aK611.41 @v2
099    @dK611.41@ex2
100 1  @aMoorehead, Alan.
245 14 @aThe fatal impact :@ban account of the invasion of the South Pacific, 1767-1840
260    @aHonolulu·Hawaii :@bTHE HARPER AND ROWE,@c1966.
300    @a230 p. :@b00 ;@c20020930@lNLC09@h2245@lNLC09@h2240@lNLC09@h1832
852 9  @bWWJC @cJ08S @k2 @hK611.41 @iMA
    
    The fatal impact : : an account of the invasion of the South Pacific, 1767-1840.-Honolulu·Hawaii : : THE HARPER AND ROWE, , 1966.
    230 p. : : 00 ; ; 20020930
    
    
    ISBN
    
●
相关链接 在E读中查询图书 在五车中查询图书 在当当中查询图书 在豆瓣中查询图书


正题名:fatal impact     索取号:K611.41/x2         预约/预借

序号 登录号 条形码 馆藏地/架位号 状态 备注
1 0009524   300095242   第二样本阅览室/ [索取号:K611.41/x2] 在馆    
唐山师范学院图书馆 欢迎您!
大连网信软件有限公司© 版权所有